<?xml version="1.0" encoding="UTF-8"?>
<record
    xmlns:xsi="http://www.w3.org/2001/XMLSchema-instance"
    xsi:schemaLocation="http://www.loc.gov/MARC21/slim http://www.loc.gov/standards/marcxml/schema/MARC21slim.xsd"
    xmlns="http://www.loc.gov/MARC21/slim">

  <leader>00917cam a2200289   4500</leader>
  <controlfield tag="001">7791</controlfield>
  <controlfield tag="003">BD-RjUL</controlfield>
  <controlfield tag="005">20211208234457.0</controlfield>
  <controlfield tag="008">150114s1973    ii            001 0 eng</controlfield>
  <datafield tag="035" ind1=" " ind2=" ">
    <subfield code="a">(BD-RjUL)</subfield>
  </datafield>
  <datafield tag="040" ind1=" " ind2=" ">
    <subfield code="a">DLC</subfield>
    <subfield code="c">DLC</subfield>
    <subfield code="d">DLC</subfield>
    <subfield code="b">eng</subfield>
  </datafield>
  <datafield tag="041" ind1=" " ind2=" ">
    <subfield code="a">eng</subfield>
  </datafield>
  <datafield tag="082" ind1="0" ind2="0">
    <subfield code="a">343.54025</subfield>
    <subfield code="a">345.40325</subfield>
    <subfield code="2">19</subfield>
    <subfield code="b">GHG 1973</subfield>
  </datafield>
  <datafield tag="100" ind1="1" ind2=" ">
    <subfield code="a">Ghosh, Abinaschandra.</subfield>
    <subfield code="9">24302</subfield>
  </datafield>
  <datafield tag="245" ind1="1" ind2="0">
    <subfield code="a">A. Ghosh's Laws of compulsory acquisition and compensation in India &amp; the Land acquisition act, I of 1894.</subfield>
  </datafield>
  <datafield tag="250" ind1=" " ind2=" ">
    <subfield code="a">6th ed.</subfield>
  </datafield>
  <datafield tag="260" ind1=" " ind2=" ">
    <subfield code="a">Calcutta,</subfield>
    <subfield code="b">Eastern Law House,</subfield>
    <subfield code="c">1973.</subfield>
  </datafield>
  <datafield tag="300" ind1=" " ind2=" ">
    <subfield code="a">80, 1262 p.</subfield>
    <subfield code="c">25 cm.</subfield>
  </datafield>
  <datafield tag="350" ind1=" " ind2=" ">
    <subfield code="a">Rs60.00 ($8.00 U.S.)</subfield>
  </datafield>
  <datafield tag="650" ind1=" " ind2="0">
    <subfield code="a">Eminent domain</subfield>
    <subfield code="z">India.</subfield>
    <subfield code="9">24303</subfield>
  </datafield>
  <datafield tag="650" ind1=" " ind2="0">
    <subfield code="a">Compensation (Law)</subfield>
    <subfield code="z">India.</subfield>
    <subfield code="9">24304</subfield>
  </datafield>
  <datafield tag="700" ind1="1" ind2=" ">
    <subfield code="a">Ghosh, Sunil Kumar,</subfield>
    <subfield code="e">ed.</subfield>
    <subfield code="9">24305</subfield>
  </datafield>
  <datafield tag="710" ind1="1" ind2="2">
    <subfield code="a">India.</subfield>
    <subfield code="t">Land Acquisition Act, 1894. 1973.</subfield>
    <subfield code="9">24306</subfield>
  </datafield>
  <datafield tag="942" ind1=" " ind2=" ">
    <subfield code="2">ddc</subfield>
    <subfield code="c">BK</subfield>
  </datafield>
  <datafield tag="999" ind1=" " ind2=" ">
    <subfield code="c">7791</subfield>
    <subfield code="d">7791</subfield>
  </datafield>
  <datafield tag="952" ind1=" " ind2=" ">
    <subfield code="0">0</subfield>
    <subfield code="1">0</subfield>
    <subfield code="2">ddc</subfield>
    <subfield code="4">0</subfield>
    <subfield code="7">0</subfield>
    <subfield code="8">NFIC</subfield>
    <subfield code="a">RUCL</subfield>
    <subfield code="b">RUCL</subfield>
    <subfield code="c">stack</subfield>
    <subfield code="d">1974-01-24</subfield>
    <subfield code="e">Wassi book cor.</subfield>
    <subfield code="g">84.00</subfield>
    <subfield code="l">0</subfield>
    <subfield code="o">343.54025 GHG 1973</subfield>
    <subfield code="r">2014-01-15 00:00:00</subfield>
    <subfield code="t">C-5</subfield>
    <subfield code="w">2014-01-15</subfield>
    <subfield code="y">BK</subfield>
  </datafield>
</record>
